Teritoriální informace: Rusko

Štúdie konzumentov v Rusku a ich tri najväčšie skupiny. Výsledky sociologickej štúdie zameranej na správanie a trávenie voľného času obyvateľov Ruska. Charakteristika dnešných ruských obchodníkov. Záujem Vologdskej oblasti o spoluprácu s ČR. Priemysel vo Vologdskej oblasti Ruska.

Salvato in:
Dettagli Bibliografici
Natura: Capitolo di libro
Lingua:ceco
Soggetti:
Tags: Aggiungi Tag
Nessun Tag, puoi essere il primo ad aggiungerne!!

MARC

LEADER 00000naa a2200000 4500
001 r032029
005 20230908092831.7
041 0 |a cze 
044 |a CZ 
245 1 0 |a Teritoriální informace: Rusko 
520 |a Štúdie konzumentov v Rusku a ich tri najväčšie skupiny. Výsledky sociologickej štúdie zameranej na správanie a trávenie voľného času obyvateľov Ruska. Charakteristika dnešných ruských obchodníkov. Záujem Vologdskej oblasti o spoluprácu s ČR. Priemysel vo Vologdskej oblasti Ruska. 
610 2 0 |a styk zahraničnoobchodný 
610 2 0 |a Rusko 
610 2 0 |a spotrebitelia 
610 2 0 |a štúdie sociologické 
610 2 0 |a podnikatelia 
610 2 0 |a regióny priemyselné 
610 2 0 |a odvetvia priemyselné 
610 2 0 |a regióny ekonomické 
610 2 0 |a Česko